000 00637nam a2200205 i 4500
001 89814
003 ES-MaACL
005 20250809063508.0
007 t|
008 050113s1964 sp ||||1| spa d
100 1 _aLaurentin, René,
_d1917-2017
_970642
245 1 3 _aLa cuestión mariana /
_cRené Laurentin ; traducción de César Alarcón.
260 _a[Madrid :
_bTaurus,
_c1964]
300 _a213 p. ;
_c18 cm.
490 1 _aEl futuro de la verdad ;
_v15
700 1 _aAlarcón, César.
_919124
830 0 _aEl futuro de la verdad ;
_v15
_9180936
852 _aES-MaACL
_jC-26968
_bR.55862
999 _c89814
_d89814